000 00301nam a2200109Ia 4500
001 588812
005 20250717120838.0
008 250717s9999 xx 000 0 und d
245 0 _aV-14 PROFESÖR KİP İLE ZAMANSIZ GELEN GÖREV
_cBİRSEN EKİM ÖZEN
260 _bTİMAŞ YAYINLARI
_c2016
300 _b93
999 _c588812
_d588812